Profitability accounting and bidding strategy for engineering and construction management / (Record no. 2848)

000 -LEADER
fixed length control field cam a22 a 4500
003 - CONTROL NUMBER IDENTIFIER
control field AKMAL
005 - DATE AND TIME OF LATEST TRANSACTION
control field 20170518115421.0
008 - FIXED-LENGTH DATA ELEMENTS--GENERAL INFORMATION
fixed length control field 170518s1983 nyua g bi 001 0 eng d
020 ## - INTERNATIONAL STANDARD BOOK NUMBER
International Standard Book Number 0442260059
082 04 - DEWEY DECIMAL CLASSIFICATION NUMBER
Classification number 657.869 LAN
090 20 - LOCALLY ASSIGNED LC-TYPE CALL NUMBER (OCLC); LOCAL CALL NUMBER (RLIN)
Classification number (OCLC) (R) ; Classification number, CALL (RLIN) (NR) 657.869
Local cutter number (OCLC) ; Book number/undivided call number, CALL (RLIN) LAN
100 1# - MAIN ENTRY--PERSONAL NAME
Personal name Lang, Hans J.
9 (RLIN) 6004
245 10 - TITLE STATEMENT
Title Profitability accounting and bidding strategy for engineering and construction management /
Statement of responsibility, etc. Hans J. Lang and Michael DeCoursey
260 ## - PUBLICATION, DISTRIBUTION, ETC.
Place of publication, distribution, etc. New York :
Name of publisher, distributor, etc. Van Nostrand Reinhold,
Date of publication, distribution, etc. 1983
300 00 - PHYSICAL DESCRIPTION
Extent xiv, 195p. :
Other physical details ill. ;
Dimensions 24cm
504 ## - BIBLIOGRAPHY, ETC. NOTE
Bibliography, etc. note Includes bibliographical references and index
650 #0 - SUBJECT ADDED ENTRY--TOPICAL TERM
Topical term or geographic name entry element Construction industry
General subdivision Management
9 (RLIN) 6005
700 1# - ADDED ENTRY--PERSONAL NAME
Personal name DeCoursey, Michael
9 (RLIN) 6006
942 ## - ADDED ENTRY ELEMENTS (KOHA)
Source of classification or shelving scheme
Koha item type Book
Holdings
Withdrawn status Lost status Source of classification or shelving scheme Damaged status Not for loan Collection code Home library Current library Shelving location Date acquired Inventory number Total Checkouts Full call number Barcode Date last seen Price effective from Koha item type
          NON-FICTION AKMAL Melaka AKMAL Melaka PINJAMAN 18.05.2017 600815   657.869 LAN 201703278 18.05.2017 18.05.2017 Book
Pusat Sumber Maklumat Dato' Haji Sarmin Md Hussin, Akademi Kastam Diraja Malaysia, Melaka
Tel: 06-2331106 | Faks: 06-2313787